02360cam a22003015i 4500999001700000001000900017003000900026005001700035008004100052020003000093040003800123082001700161100002900178245012400207264006400331300002700395336002600422337002800448338002700476490005600503504005100559520116300610650005301773653002701826700004401853942001201897952014901909 c28081d2805219263962EG-ScBUE20200213151209.0160907s2017 enk f b 001 0 eng d a9781107480643 (paperback) aDLCbengerdacDLCdDLCdEG-ScBUE04a415bKOE2221 aKoeneman, Olaf,eauthor.10aIntroducing syntax /cOlaf Koeneman, Radboud University, Nijmegen, Hedde Zeijlstra, Georg-August-University, Gottingen. 1aCambridge ;aNew York :bCambridge University Press,c2017. ax, 301 pages ;c26 cm. atextbtxt2rdacontent aunmediatedbn2rdamedia avolumebnc2rdacarrier0 aCambridge introductions to language and linguistics aIncludes bibliographical references and index. a"Syntax is the study of how sentences are built. Whereas the grammar of English (or other languages) might look like a rather chaotic set of arbitrary patterns, linguistic science has revealed that these patterns can actually be understood as a result of a small number of grammatical principles. This lively introductory textbook is designed for undergraduate students in linguistics, English and modern languages with relatively little background in the subject, offering the necessary tools for the analysis of phrases and sentences, while at the same time introducing state-of-the-art syntactic theory, in an accessible and engaging way. Guiding students through a variety of intriguing puzzles, striking facts and novel ideas, Introducing Syntax presents contemporary insights behind syntactic theory in one clear and coherent narrative, avoiding unnecessary technical detail and enabling readers to understand the rationale behind technicalities. Learning features include highlighted key terms, further reading suggestions and numerous exercises and activities throughout, placing syntax in a broader grammatical perspective"--cProvided by publisher. 7aGrammar, Comparative and generalxSyntax.2BUEsh bHHUUEENNcFebruary20201 aZeijlstra, Hedzer Hugo,d1975-eauthor. 2ddccBB 00102ddc40708AlahramaMAINbMAINc2NDd2020-02-13ePurchaseg565.00h488l0o415 KOEp000048625r2025-07-15 00:00:00v706.25w2020-02-13yBB